| 000 | 00779nam a22001937a 4500 | ||
|---|---|---|---|
| 005 | 20250714153703.0 | ||
| 008 | 250714b |||||||| |||| 00| 0 eng d | ||
| 037 | _cTB | ||
| 040 |
_aCRL _cCRL |
||
| 041 | _2hindi | ||
| 084 |
_aT:3(P152) 152P8 _qCRL |
||
| 245 | _aहिंदी शिक्षण: नए भविष्य की तलाश | ||
| 260 |
_aआगरा, भारत: _bकेंद्रीय हिंदी संस्थान, _c2018. |
||
| 300 | _a392p. | ||
| 365 |
_b240.00 _cINR |
||
| 700 |
_aशर्मा, सत्यवीर _eEditor _9815558 |
||
| 942 |
_2CC _cTB _hT:3(P152) 152P8 _n0 |
||
| 999 |
_c1433630 _d1433630 |
||